Neumología (Registro nro. 25598)
[ vista simple ]
| 000 -CABECERA | |
|---|---|
| Longitud fija campo de control | 01551nam a2200205 a 4500 |
| 003 - • IDENTIFICADOR DELl NÚMERO DE CONTROL | |
| Identificador del número de control | CO-ViMGA |
| 008 - • CÓDIGOS DE INFORMACIÓN DE LONGITUD FIJA | |
| Códigos de información de longitud fija | 141112s2004 ck r 000 u spa d |
| 020 ## - • NÚMERO INTERNACIONAL NORMALIZADO PARA LIBROS | |
| Número Internacional Normalizado para Libros (ISBN) | 9589400337 |
| 040 ## - FUENTE DE LA CATALOGACIÓN | |
| Centro catalogador de origen | CO-ViMGA |
| Lengua de catalogación | spa |
| Centro transcriptor | CO-ViMGA |
| 082 04 - • NÚMERO DE LA CLASIFICACIÓN DECIMAL DEWEY | |
| Número de clasificación (R) | 616.2 C416n |
| 100 1# - • PUNTO DE ACCESO PRINCIPAL-NOMBRE DE PERSONA | |
| Nombre de persona | Chaparro Mutis, Cecilia; Awad Garcia, Carlos Enrique; Torres Duque, Carlos Arturo |
| 245 10 - • TITULO PROPIAMENTE DICHO | |
| Título | Neumología |
| 300 ## - • DESCRIPCIÓN FÍSICA | |
| Extensión | 638.p. |
| 490 ## - • MENCIÓN DE SERIE | |
| Mención de serie | Fundamentos de Medicina |
| 505 ## - • NOTA DE CONTENIDO CON FORMATO | |
| Nota de contenido con formato | Aparato respiratorio Fisiología respiratoria Mecanismos de defensa del aparato respiratorio Enfermedad respiratoria Neumonias Tuberculosis - Micobacteriosis Micosis pulmonares Enfermedad respiratoria en el inmunocomprometido Malformaciones congenitas Broncopulmonares Enfermedades de las vias aereas Bronquiolitis Asma Enfermedad pulmonar obstructiva cronica Síndrome de hipoventilación alveolar y trastornos respiratorios relacionados con el sueño Alteraciones funcionales y estructurales de los musculos respiratorios Enfermedades respiratorias y el ambiente Enfermedad pulmonar intersticial e infiltrativa difusa del pulmon Trastornos circulatorios del pulmón Enfermedades pulmonares relacionadas con la altura Insuficiencia respiratoria aguda Síndrome de dificultad respiratoria aguda Tumores del pulmon Enfermedades sistemicas Enfermedades de la pleura Enfermedades del mediastino, diafragma y pared del torax Trasplante pulmonar Terapia respiratoria - Oxigenoterapia Rehabilitación respiratoria |
| 650 14 - • PUNTO DE ACCESO ADICIONAL DE MATERIA - TÉRMINO DE MATERIA | |
| Término de materia o nombre geográfico como elemento inicial | NEUMOLOGIA |
| 942 ## - ENTRADA DE ELEMENTOS AGREGADOS (KOHA) | |
| Fuente de clasificaión o esquema | Dewey Decimal Classification |
| Koha [por defecto] tipo de item | LIbro |
| Perdido | Fuente de clasificación o esquema | Estado Físico | No para préstamo | Forma de adquisición | Localización permanente | Localización actual | Fecha adquisición | Serie de enumeración / cronolog&íacute;a | Préstamos totales | Renovaciones totales | Signatura completa | Código de barras | Fecha última consulta | Fecha último préstamo | Número de copia | Fecha del precio de reemplazo | Tipo de item de Koha |
|---|---|---|---|---|---|---|---|---|---|---|---|---|---|---|---|---|---|
| Dewey Decimal Classification | Sala Especializada Tercer Piso | Biblioteca Pública Germán Arciniegas - Villavicencio | Biblioteca Pública Germán Arciniegas - Villavicencio | 12/04/2015 | Volumen. 1 | 11/jun/2009 | 1 | 1 | 616.2 C416n | 15232 | 10/25/2016 | 10/14/2016 | Ej. 1 | 12/04/2015 | LIbro |